000 00414nam a22001577a 4500
003 GBCCL
005 20250624143320.0
008 250624b |||||||| |||| 00| 0 eng d
040 _cGBC
082 _aVER 920
_bKHA
100 _aKhawlching, H
245 _aPupa suan tanchin & ka laaphuah tamloute /
_cH Khawlching
260 _aHiangtam Lamka :
_bH Khawlching,
_c2023
300 _a120p, ;
942 _2ddc
_cBK
_n0
999 _c10874
_d10874